|
|
|
|
| LEADER |
00000nab a2200000 a 4500 |
| 001 |
vtls000369082 |
| 003 |
SK-MaSNL |
| 005 |
20260304082742.0 |
| 008 |
250424c1989 xo 0 slo |
| 015 |
|
|
|a SNBRB19rr/mm-uuuuu
|
| 035 |
|
|
|a CL0369204
|
| 035 |
|
|
|a urn:nbn:sk:snk-ab2n1f
|
| 035 |
|
|
|a (urnnbn)urn:nbn:sk:snk:ar-a02nr2
|
| 035 |
|
|
|a (uuid)11c5c388-2743-412a-ac28-595c281a4474
|
| 040 |
|
|
|a SNKBUCL
|b slo
|c SNKBUCL
|e AACR2
|
| 041 |
0 |
|
|a slo
|
| 044 |
|
|
|a xo
|c SK
|
| 080 |
|
|
|a 553.87:069.5
|2 1981
|
| 080 |
|
|
|a 069.5
|2 1981
|
| 080 |
|
|
|a 553.87
|2 1981
|
| 100 |
1 |
|
|a Březinová, Drahomíra
|4 aut
|9 1274980
|
| 245 |
1 |
0 |
|a Austrálske opály
|c Drahomíra Březinová
|
| 300 |
|
|
|b Fot. 2.
|
| 610 |
2 |
7 |
|a Múzeum Ziemi (Varšava, Poľsko)
|2 snkbucl
|9 1372353
|
| 650 |
0 |
7 |
|a drahokamy
|2 snkbucl
|9 30778
|
| 650 |
0 |
7 |
|a opály
|2 snkbucl
|9 30777
|
| 655 |
|
7 |
|a články z novín a časopisov
|2 snkbucl
|9 267496
|
| 773 |
0 |
|
|t Múzeum
|g Roč. 34, č. 3 (1989), s. 44-45
|
| 850 |
|
|
|a Slovenská národná knižnica
|
| 852 |
|
|
|a Slovenská národná knižnica
|
| 954 |
|
|
|a odborná, vedecká literatúra pôvodná (slovenská)
|2 lita
|
| 958 |
|
|
|a article27
|
| 958 |
|
|
|a OND
|
| 958 |
|
|
|a EUIPO
|
| 992 |
|
|
|a RBX
|
| 999 |
|
|
|c 2798144
|d 2800074
|